Export : a manual of instruction /

Guardat en:
Dades bibliogràfiques
Autor principal: Mason, Anthony Walter
Format: Llibre
Idioma:English
Publicat: London : Business Books, 1973.
Edició:2nd ed.
Matèries:
LEADER 01080nam a2200301 i 4500
001 c000342460
003 CARM
005 00000000000000.0
008 730324s1973 enk 00110 eng d
015 |a B7307514 
019 1 |a 3528741  |5 LACONCORD2021 
020 |a 0220662045 :  |c £3.95 
035 |a (OCoLC)950150  |5 LACONCORD2021 
050 0 0 |a HF3507 
100 1 |a Mason, Anthony Walter. 
245 1 0 |a Export :  |b a manual of instruction /  |c Anthony W. Mason. 
250 |a 2nd ed. 
260 |a London :  |b Business Books,  |c 1973. 
300 |a xiii, 225 p. ;  |c 23cm. 
500 |a Exports. Great Britain. Manuals (BNB/PRECIS) 
500 |a Previous ed. 1970. 
504 |a Includes index. 
650 0 |a Export marketing  |x Handbooks, manuals, etc. 
651 0 |a Great Britain  |x Commerce  |x Handbooks, manuals, etc. 
852 8 |b CARM  |h A1:AM13B0  |i B09369  |p 0428488  |f BK 
082 0 4 |a 382/.6/0942  |2 18 
999 f f |i 10134219-6b53-56e6-a60b-9000711e2065  |s 33b63a53-7268-5bc1-b0f0-c10d372a5271 
952 f f |p Can circulate  |a CAVAL  |b CAVAL  |c CAVAL  |d CARM 1 Store  |e B09369  |f A1:AM13B0  |h Other scheme  |i book  |m 0428488